Knižničný zborník 1978

Salvato in:
Dettagli Bibliografici
Natura: Libro
Lingua:slovacco
Pubblicazione: Martin Matica slovenská 1979
Tags: Aggiungi Tag
Nessun Tag, puoi essere il primo ad aggiungerne!!

MARC

LEADER 00000nam a2200000 4500
001 c119197
005 20260121101716.2
041 0 |a slo 
044 |a SK 
245 1 0 |a Knižničný zborník 1978  |c zostav. Margita Buociková 
264 1 |a Martin  |b Matica slovenská  |c 1979 
300 |a 223 s.